That Certsin Girl (Record no. 723)

MARC details
000 -LEADER
fixed length control field 00315nam a22001337a 4500
003 - CONTROL NUMBER IDENTIFIER
control field OSt
005 - DATE AND TIME OF LATEST TRANSACTION
control field 20160727222408.0
008 - FIXED-LENGTH DATA ELEMENTS--GENERAL INFORMATION
fixed length control field 160624b xxu||||| |||| 00| 0 eng d
100 ## - MAIN ENTRY--PERSONAL NAME
9 (RLIN) 907
Personal name Smow, D.J
245 ## - TITLE STATEMENT
Title That Certsin Girl
260 ## - PUBLICATION, DISTRIBUTION, ETC. (IMPRINT)
Place of publication, distribution, etc. USA
Name of publisher, distributor, etc. Western Pub Co. Inc.
300 ## - PHYSICAL DESCRIPTION
Extent That Certsin Girl
942 ## - ADDED ENTRY ELEMENTS (KOHA)
Source of classification or shelving scheme Dewey Decimal Classification
Koha item type BOOK
Holdings
Withdrawn status Lost status Source of classification or shelving scheme Damaged status Not for loan Home library Current library Shelving location Date acquired Total Checkouts Full call number Barcode Date last seen Price effective from Koha item type
    Dewey Decimal Classification     Good Samaritan School Library Good Samaritan School Library FICTION 06/24/2016   823 SMO1218 06/24/2016 06/24/2016 BOOK

Powered by Koha